| 000 | 00941nam a2200277 a 4500 | ||
|---|---|---|---|
| 003 | DO-SdBNP | ||
| 005 | 20260313112256.0 | ||
| 007 | ta | ||
| 008 | 211019e2018 dr ||||gr|||| 001 pdspa d | ||
| 020 | _a9789945503463 | ||
| 040 |
_aDO-SdBNP _bspa _cBNPHU |
||
| 082 | 4 |
_222 _bP349ó |
|
| 100 | 1 |
_928669 _aPeña Lebrón, Juan Alberto _d1930 - |
|
| 245 | 1 | 0 |
_aÓrbita inviolable y otros poemas / _cAlberto Peña Lebrón, |
| 260 |
_aSanto Domingo : _bEditora Nacional, _c2018 |
||
| 300 |
_a 88 p. ; _c23 cm. |
||
| 490 | _aHomenaje | ||
| 490 |
_aPoesía; _v10 |
||
| 500 | _aIncluye ensayo introductorio en las páginas 7-17: La creación poética de Peña Lebrón / Bruno Rosario Candelier. | ||
| 590 | _aInventariado 2021 / MF | ||
| 650 | 0 |
_aPoesía dominicana _978060 |
|
| 650 | 0 |
_aPoesía _94503 |
|
| 710 | 1 |
_aRepública Dominicana. _bMinisterio de Cultura _971794 |
|
| 830 |
_aHomenaje: _lspa _n10 _pPoesía; _980267 |
||
| 942 |
_2ddc _cLBS1 |
||
| 999 |
_c50775 _d50775 |
||